00454nam a22001217a 4500020001600000082001000016100002600026245014300052260003500195300002600230650005400256700002200310 qHard Cover. a670.5 aMuhammad Saeed Awan,  aOptimizing Production Efficiency of Manufacturing Assembling Line through Kilbridge& Wester Line Balancing Method /cMuhammad Saeed Awan,  aKarachi :bPNEC - NUST,c2017. a71 p. : ill. ;c30cm. a Industrial & Manufacturing Engineering MS-Thesis aDr. Salman Nisar.